| 000 | 00653cam a2200193 4500 | ||
|---|---|---|---|
| 001 | WB3713-09 | ||
| 008 | 000000n2001 000 0 eng u | ||
| 035 | _a(Sirsi) u111681 | ||
| 245 | _aSmart new homes online | ||
| 260 | _c2001 | ||
| 490 |
_aNegotiator _v (16:6) 23 March 2001, 4(1) |
||
| 520 | _aAn additional website has been launched by property marketing company Smart Estates. Smartnewhomes.com has been set up to target housebuilders, with the ability to promote new properties on the site. | ||
| 590 | _aWB | ||
| 650 | _aSMARTNEWHOMES.COM | ||
| 650 | _aHOUSE BUILDERS | ||
| 650 | _aINTERNET SERVICE | ||
| 690 | _aHOUSING | ||
| 942 | _n0 | ||
| 999 |
_c66543 _d66543 |
||